00555nam a2200205Ia 4500003000400000005001700004006001800021007000300039008004100042024001100083037001200094040002000106041001300126082002100139100002700160245008600187260004500273300001800318650001300336OSt20220918191056.0a|||||r|||| 00| 0ta220917b |||||||| |||| 00| 0 eng d a61,311 cTextual aARTScARTSbeng 2engaeng aQ22v221, M2(P15) aAiyangar V N Ramaswami 0aWhere do North and South meet b an exploration of vaishnavism and Indian culture aNew DelhibBahari publication c1982 aiii,170pccm. aRELIGION